[Event "Titled Tuesday intern op 04th May"]
[Site "Chess.com INT"]
[Date "2021.05.04"]
[Round "6"]
[White "Rustemov, Alexander"]
[Black "Kiselev, Gennady Aleksandrov"]
[Result "1-0"]
[WhiteElo "2525"]
[BlackElo "2413"]
[PlyCount "75"]
[EventDate "2021.05.04"]
[EventType "swiss (blitz)"]
[EventRounds "11"]
[EventCountry "USA"]
[SourceTitle "CBM 202 Extra"]
[Source "ChessBase"]
[SourceDate "2021.07.31"]
[SourceVersion "1"]
[SourceVersionDate "2021.07.31"]
[SourceQuality "1"]

1. d4 d5 2. c4 dxc4 3. Nf3 Nf6 4. e3 e6 5. Bxc4 c5 6. 0-0 a6 7. e4 cxd4 8. e5 Nfd7 9. Qxd4 Nc6 10. Qf4 Be7 11. Qg3 0-0 12. Bh6 g6 13. Bxf8 Bxf8 14. Nbd2 Bg7 15. Rfe1 Qc7 16. Rac1 b5 17. Bd3 Bb7 18. Be4 Qb6 19. h4 Rd8 20. Bxc6 Bxc6 21. Ne4 Bxe4 22. Rxe4 Nc5 23. Re2 Nd3 24. Rd1 Rd5 25. Red2 Nb4 26. Rxd5 Nxd5 27. h5 Qa5 28. hxg6 hxg6 29. a3 Qa4 30. Rd4 Qc2 31. Qg5 Qxb2 32. Qd8+ Bf8 33. Rh4 Qxa3 34. Kh2 Qe7 35. Qb8 b4 36. Rc4 a5 37. Rc8 a4 38. Re8 1-0

[Event "Kaluga Tsiolkovsky Memorial op"]
[Site "Kaluga"]
[Date "2013.08.10"]
[Round "8"]
[White "Kostin, Sergei Anatolievich"]
[Black "Kiselev, Gennady Aleksandrov"]
[Result "1-0"]
[WhiteElo "2320"]
[BlackElo "2454"]
[PlyCount "82"]
[EventDate "2013.08.03"]
[EventType "swiss"]
[EventRounds "9"]
[EventCountry "RUS"]
[SourceTitle "CBM 156 Extra"]
[Source "ChessBase"]
[SourceDate "2013.10.22"]
[SourceVersion "1"]
[SourceVersionDate "2013.10.22"]
[SourceQuality "1"]

1. d4 d5 2. c4 dxc4 3. e3 Nf6 4. Bxc4 e6 5. Nf3 c5 6. 0-0 a6 7. Bb3 Nc6 8. Qe2 cxd4 9. Rd1 d3 10. Rxd3 Qc7 11. Nc3 Be7 12. e4 Nd7 13. Rd1 0-0 14. g3 Nc5 15. Bf4 Qa5 16. Bc2 b5 17. a3 b4 18. axb4 Qxb4 19. e5 Bb7 20. Ne4 Rad8 21. Nd6 Ba8 22. Ng5 h6 23. Nge4 Nxe4 24. Ra4 Qxb2 25. Qxe4 g6 26. Rb1 Qc3 27. Rc4 Qa5 28. Rxc6 Bxd6 29. exd6 e5 30. Bxh6 Rxd6 31. Bxf8 Bxc6 32. Bxd6 Bxe4 33. Bxe4 Qc3 34. Be7 Kg7 35. Bg2 Qc7 36. Rb7 Qc1+ 37. Bf1 Qc6 38. Ra7 Qe6 39. Bc5 Qd5 40. Bb6 e4 41. Rxa6 f5 1-0

[Event "Kaluga Tsiolkovsky Memorial op"]
[Site "Kaluga"]
[Date "2013.08.03"]
[Round "1"]
[White "Kiselev, Gennady Aleksandrov"]
[Black "Martynyuk, Elizaveta"]
[Result "1-0"]
[WhiteElo "2454"]
[BlackElo "1972"]
[PlyCount "71"]
[EventDate "2013.08.03"]
[EventType "swiss"]
[EventRounds "9"]
[EventCountry "RUS"]
[SourceTitle "CBM 156 Extra"]
[Source "ChessBase"]
[SourceDate "2013.10.22"]
[SourceVersion "1"]
[SourceVersionDate "2013.10.22"]
[SourceQuality "1"]

1. d4 d5 2. Nf3 Nf6 3. c4 c6 4. Qb3 e6 5. g3 Nbd7 6. Bg2 dxc4 7. Qxc4 Bd6 8. 0-0 0-0 9. Nc3 e5 10. e4 Nb6 11. Qd3 Bc5 12. Rd1 exd4 13. Nxd4 Bg4 14. f3 Be6 15. b3 Qe7 16. Be3 Rfd8 17. Qe2 Bxd4 18. Rxd4 Rxd4 19. Bxd4 Rd8 20. Qe3 Nfd7 21. Ne2 c5 22. Bb2 c4 23. Nf4 h6 24. Bf1 Nf6 25. Rc1 cxb3 26. axb3 Bd7 27. Rc7 Rc8 28. Rxb7 Rc2 29. Qd4 Qe8 30. Rxa7 Bb5 31. Qxb6 Bxf1 32. Bxf6 gxf6 33. Nd5 Qb5 34. Ra8+ Kh7 35. Nxf6+ Kg7 36. Rg8# 1-0

[Event "North-West Cup final"]
[Site "St Petersburg"]
[Date "2011.12.11"]
[Round "8"]
[White "Kiselev, Gennady Aleksandrov"]
[Black "Toivonen, Alexander"]
[Result "1-0"]
[WhiteElo "2447"]
[BlackElo "2254"]
[PlyCount "109"]
[EventDate "2011.12.05"]
[EventType "tourn"]
[EventRounds "9"]
[EventCountry "RUS"]
[SourceTitle "EXT 2022"]
[Source "ChessBase"]
[SourceDate "2021.10.06"]
[SourceVersion "1"]
[SourceVersionDate "2021.10.06"]
[SourceQuality "1"]

1. e4 e5 2. Nf3 Nf6 3. Nxe5 d6 4. Nf3 Nxe4 5. d4 d5 6. Bd3 Nc6 7. 0-0 Be7 8. c4 Nb4 9. cxd5 Nxd3 10. Qxd3 Qxd5 11. Re1 Bf5 12. Ne5 Nd6 13. Nc3 Qe6 14. Qd1 0-0 15. g4 Bc2 16. Qxc2 f6 17. Qb3 Qxb3 18. axb3 fxe5 19. dxe5 Bh4 20. Re2 Nc8 21. f4 Ne7 22. Be3 a6 23. Kg2 Ng6 24. Ra4 Rad8 25. Re4 h6 26. Kh3 Rd3 27. f5 Bg5 28. Kg3 Bh4+ 29. Kg2 Ne7 30. Bf2 Bg5 31. h4 Bc1 32. Bc5 Re8 33. Na2 Bd2 34. Rd4 Rxd4 35. Bxd4 Ba5 36. b4 Nc6 37. Bc3 Bb6 38. Nc1 Rd8 39. Re4 Ne7 40. Ne2 Nd5 41. Bd4 Bxd4 42. Rxd4 Ne3+ 43. Kf3 Rxd4 44. Nxd4 Nc4 45. Ke4 Nxb2 46. Ne6 Nd1 47. Nxc7 Nf2+ 48. Kf3 Nd3 49. e6 Kf8 50. Nd5 b5 51. g5 hxg5 52. hxg5 Ne5+ 53. Ke4 Nc4 54. f6 gxf6 55. gxf6 1-0

[Event "North-West Cup final"]
[Site "St Petersburg"]
[Date "2011.12.09"]
[Round "5"]
[White "Malinin, Yuri"]
[Black "Kiselev, Gennady Aleksandrov"]
[Result "1/2-1/2"]
[WhiteElo "2311"]
[BlackElo "2447"]
[PlyCount "99"]
[EventDate "2011.12.05"]
[EventType "tourn"]
[EventRounds "9"]
[EventCountry "RUS"]
[SourceTitle "EXT 2022"]
[Source "ChessBase"]
[SourceDate "2021.10.06"]
[SourceVersion "1"]
[SourceVersionDate "2021.10.06"]
[SourceQuality "1"]

1. c4 c5 2. Nf3 Nf6 3. g3 Nc6 4. Bg2 d5 5. cxd5 Nxd5 6. 0-0 Nc7 7. Nc3 e5 8. d3 Be7 9. Nd2 Bd7 10. Nc4 f6 11. a4 0-0 12. a5 Kh8 13. f4 exf4 14. Bxf4 Ne6 15. Bd2 Rb8 16. Nd5 Re8 17. Bc3 Ng5 18. e3 Be6 19. Nf4 Qd7 20. Qa4 Rec8 21. Nxe6 Qxe6 22. Rad1 Nf7 23. Rfe1 Nd6 24. Nxd6 Bxd6 25. Qh4 Rc7 26. d4 Ne7 27. Bh3 Qc4 28. Qe4 Ng6 29. Bf5 Re7 30. Qg4 Nf8 31. Bd3 Qf7 32. Qf3 Qe8 33. Kg2 b5 34. axb6 axb6 35. h4 b5 36. b3 b4 37. Bd2 Qc8 38. Bc4 Qc7 39. Rf1 cxd4 40. exd4 Rbe8 41. h5 Re4 42. h6 Ng6 43. Rde1 Rxe1 44. Rxe1 Rxe1 45. Bxe1 Qe7 46. Qa8+ Qf8 47. hxg7+ Kxg7 48. Qc6 f5 49. Bd2 f4 50. gxf4 1/2-1/2

[Event "Kostroma Volga Cup op"]
[Site "Kostroma"]
[Date "2009.07.??"]
[Round "3"]
[White "Tkachuk, Andrey"]
[Black "Kiselev, Gennady Aleksandrov"]
[Result "1/2-1/2"]
[WhiteElo "2148"]
[BlackElo "2432"]
[PlyCount "97"]
[EventDate "2009.07.03"]
[EventType "swiss"]
[EventRounds "9"]
[EventCountry "RUS"]
[SourceTitle "EXT 2021"]
[Source "ChessBase"]
[SourceDate "2020.10.23"]
[SourceVersion "1"]
[SourceVersionDate "2020.10.23"]
[SourceQuality "1"]

1. c4 e6 2. Nf3 d5 3. e3 Nf6 4. Nc3 c5 5. cxd5 exd5 6. d4 Nc6 7. Bb5 Bd6 8. Ne5 Qc7 9. Qa4 cxd4 10. Nxc6 dxc3 11. Nd4+ Ke7 12. Bd3 Bd7 13. Qb3 g6 14. bxc3 Rhc8 15. Bb2 Qa5 16. 0-0 Kf8 17. Bb5 Rab8 18. c4 dxc4 19. Bxc4 Ne4 20. Nf3 Bg4 21. Qb5 Qd8 22. Rfd1 Rc5 23. Qb3 Qc7 24. Bd5 Bxf3 25. gxf3 Nc3 26. Rd3 Nxd5 27. Rxd5 Rxd5 28. Qxd5 Re8 29. f4 Qc5 30. Qf3 Kg8 31. Bd4 Qb5 32. a4 Qa6 33. Qd5 Bf8 34. Qb5 Re6 35. Rb1 Bg7 36. Bc5 Qxb5 37. Rxb5 b6 38. Ba3 Bf8 39. Bxf8 Kxf8 40. f5 Rc6 41. fxg6 hxg6 42. Kf1 Rc1+ 43. Ke2 Ra1 44. Rb4 Ke7 45. h4 Kd6 46. Rf4 Ke6 47. Rd4 Rb1 48. Rc4 a6 49. Rc6+ 1/2-1/2

[Event "Vadsosjakken op"]
[Site "Vadso"]
[Date "2008.08.31"]
[Round "4"]
[White "Kiselev, Gennady Aleksandrov"]
[Black "Boitsov, Gennadij"]
[Result "1-0"]
[WhiteElo "2435"]
[BlackElo "2200"]
[PlyCount "67"]
[EventDate "2008.08.??"]
[EventType "swiss"]
[EventRounds "5"]
[EventCountry "NOR"]
[SourceTitle "EXT 2010"]
[Source "ChessBase"]
[SourceDate "2010.11.25"]
[SourceVersion "1"]
[SourceVersionDate "2010.11.25"]
[SourceQuality "1"]

1. e4 e5 2. Nf3 Nc6 3. Bb5 Nf6 4. Qe2 d6 5. c3 Bg4 6. h3 Bh5 7. d4 Nd7 8. 0-0 Be7 9. Rd1 Qc8 10. g4 Bg6 11. dxe5 0-0 12. exd6 cxd6 13. Nd4 Nc5 14. f3 a6 15. Bc4 Re8 16. Bf4 Bf6 17. Na3 Be5 18. Be3 Bf6 19. Nxc6 Qxc6 20. Bd5 Qc7 21. Nc4 Rad8 22. Qf2 Qe7 23. Nxd6 Ne6 24. Nxe8 Rxe8 25. Bxe6 fxe6 26. Qg3 Bg5 27. Bxg5 Qxg5 28. f4 Qb5 29. f5 exf5 30. exf5 Bf7 31. Rd2 h6 32. Re1 Rxe1+ 33. Qxe1 Bd5 34. Qe5 1-0

[Event "Vadsosjakken op"]
[Site "Vadso"]
[Date "2008.08.30"]
[Round "2"]
[White "Kiselev, Gennady Aleksandrov"]
[Black "Hoftaniska, Thor Erik"]
[Result "1-0"]
[WhiteElo "2435"]
[BlackElo "1684"]
[PlyCount "21"]
[EventDate "2008.08.??"]
[EventType "swiss"]
[EventRounds "5"]
[EventCountry "NOR"]
[SourceTitle "EXT 2010"]
[Source "ChessBase"]
[SourceDate "2010.11.25"]
[SourceVersion "1"]
[SourceVersionDate "2010.11.25"]
[SourceQuality "1"]

1. e4 c5 2. Nf3 d6 3. d4 cxd4 4. Nxd4 Nf6 5. Nc3 g6 6. f4 Bg7 7. e5 dxe5 8. fxe5 Nd5 9. Bb5+ Kf8 10. Nf3 Be6 11. Bc4 1-0

[Event "Vadsosjakken op"]
[Site "Vadso"]
[Date "2008.08.29"]
[Round "1"]
[White "Ronning, Are"]
[Black "Kiselev, Gennady Aleksandrov"]
[Result "0-1"]
[WhiteElo "1795"]
[BlackElo "2435"]
[PlyCount "54"]
[EventDate "2008.08.??"]
[EventType "swiss"]
[EventRounds "5"]
[EventCountry "NOR"]
[SourceTitle "EXT 2010"]
[Source "ChessBase"]
[SourceDate "2010.11.25"]
[SourceVersion "1"]
[SourceVersionDate "2010.11.25"]
[SourceQuality "1"]

1. d4 d5 2. Nf3 c5 3. c3 cxd4 4. cxd4 Nf6 5. Nc3 Nc6 6. e3 Bg4 7. h3 Bxf3 8. Qxf3 e6 9. Bd2 Be7 10. Rc1 0-0 11. Bd3 a6 12. 0-0 Qd7 13. g4 Ne8 14. Qg3 Nd6 15. Na4 Qe8 16. Nc5 a5 17. e4 dxe4 18. Nxe4 Qd8 19. Qe3 Ne8 20. Nc5 Qxd4 21. Nxb7 Qxb2 22. Rxc6 Qxb7 23. Rb6 Qd7 24. Be4 Rd8 25. Bxa5 Qa4 26. Bc3 Rc8 27. Bxg7 Kxg7 0-1

[Event "Voronezh op-A"]
[Site "Voronezh"]
[Date "2008.06.19"]
[Round "7"]
[White "Kiselev, Gennady Aleksandrov"]
[Black "Gasanov, Eldar"]
[Result "0-1"]
[WhiteElo "2453"]
[BlackElo "2531"]
[PlyCount "158"]
[EventDate "2008.06.12"]
[EventType "swiss"]
[EventRounds "9"]
[EventCountry "RUS"]
[SourceTitle "CBM 125 Extra"]
[Source "ChessBase"]
[SourceDate "2008.09.01"]
[SourceVersion "1"]
[SourceVersionDate "2008.09.01"]
[SourceQuality "1"]

1. e4 c5 2. Nf3 d6 3. d4 cxd4 4. Nxd4 Nf6 5. Nc3 Nc6 6. Be2 g6 7. Nb3 Bg7 8. 0-0 0-0 9. Re1 b6 10. Bf1 Bb7 11. Bg5 h6 12. Bf4 Rc8 13. Qd2 g5 14. Be3 Ng4 15. Bd4 Nxd4 16. Nxd4 e6 17. Rad1 a6 18. Nf3 Rc6 19. e5 Qb8 20. h4 gxh4 21. exd6 Rd8 22. Qf4 Nf6 23. Qxh4 Rcxd6 24. Rxd6 Qxd6 25. Rd1 Qe7 26. Rxd8+ Qxd8 27. Qf4 Ne8 28. Bd3 Qd6 29. Qe3 Nf6 30. Qe2 b5 31. b3 Qf4 32. Qe3 Qxe3 33. fxe3 Ng4 34. Nd1 b4 35. Kf1 f5 36. Ke2 Kf7 37. Nf2 Kf6 38. Bc4 h5 39. Nd3 Bh6 40. Nf4 Nxe3 41. Kxe3 e5 42. g3 exf4+ 43. gxf4 Bf8 44. Kf2 a5 45. Kg3 Be4 46. Bd3 Bd6 47. Nd2 Bc6 48. Nf3 Bb7 49. Nh4 Be4 50. Nf3 Be7 51. Nd2 Bd5 52. Nf3 Bd8 53. Nh4 Be4 54. Nf3 Bc7 55. Nd2 Bc6 56. Nf3 Bd7 57. Nh4 Bb6 58. Nf3 Be6 59. Nh4 Be3 60. Nf3 Bd5 61. Nh4 Be4 62. Nf3 Bc1 63. Ng5 Bd5 64. Nf3 Bb7 65. Nh4 Be4 66. Nf3 Be3 67. Ng5 Bc6 68. Nf3 Bd5 69. Nh4 Be4 70. Nf3 Ke6 71. Ng5+ Kd5 72. Nxe4 fxe4 73. Be2 h4+ 74. Kxh4 Bxf4 75. Kh3 Kd4 76. Kg2 Kc3 77. Bh5 e3 78. Kf1 Kxc2 79. Ke2 Kb2 0-1

[Event "RUS-ch Higher League 60th"]
[Site "Krasnoyarsk"]
[Date "2007.09.06"]
[Round "4"]
[White "Kiselev, Gennady Aleksandrov"]
[Black "Sakaev, Konstantin"]
[Result "1/2-1/2"]
[WhiteElo "2434"]
[BlackElo "2634"]
[PlyCount "160"]
[EventDate "2007.09.03"]
[EventType "swiss"]
[EventRounds "11"]
[EventCountry "RUS"]
[SourceTitle "CBM 120"]
[Source "ChessBase"]
[SourceDate "2007.10.02"]
[SourceVersion "1"]
[SourceVersionDate "2007.10.02"]
[SourceQuality "1"]

1. e4 c5 2. Nf3 d6 3. Bb5+ Nc6 4. 0-0 Bd7 5. c3 Nf6 6. Re1 a6 7. Bxc6 Bxc6 8. e5 dxe5 9. Nxe5 Rc8 10. d4 e6 11. Be3 Nd5 12. Qh5 g6 13. Qf3 f6 14. Nxc6 Rxc6 15. Nd2 Nxe3 16. Qxe3 cxd4 17. cxd4 Be7 18. Rac1 Rxc1 19. Rxc1 Kf7 20. Nf3 Qb6 21. b3 Rd8 22. h3 Qd6 23. Qe4 Rd7 24. Rc4 Bd8 25. Rc8 Kg7 26. Rc4 Qd5 27. Qxd5 Rxd5 28. Kf1 Kf7 29. Ke2 Ke7 30. Rc2 Kd7 31. Rc4 Bc7 32. Rc2 Bb6 33. Rc4 Ba7 34. Ke3 h6 35. Ke4 b5 36. Rc2 f5+ 37. Ke3 e5 38. Ke2 Bxd4 39. Nxd4 Rxd4 40. Rc5 Ke6 41. Rc8 Rd6 42. Rh8 h5 43. h4 Kd5 44. Kd3 Kc5+ 45. Kc3 b4+ 46. Kc2 e4 47. Re8 Kd4 48. Rb8 a5 49. Kd2 f4 50. Re8 Rd5 51. g3 Kc5+ 52. Ke2 fxg3 53. fxg3 Kd4 54. Kd2 Rf5 55. Rd8+ Ke5 56. Re8+ Kd5 57. Rd8+ Ke5 58. Re8+ Kd4 59. Rd8+ Kc5 60. Ke3 Rf3+ 61. Kxe4 Rxg3 62. Rd5+ Kb6 63. Rd6+ Kb7 64. Kd4 Kc7 65. Ra6 Rg4+ 66. Kc5 Kd7 67. Kd5 Kc7 68. Kc5 Kb7 69. Rb6+ Kc7 70. Ra6 Rxh4 71. Rxg6 Rg4 72. Rh6 h4 73. Rh7+ Kd8 74. Kb6 Ke8 75. Kxa5 Kf8 76. Ka4 Kg8 77. Rh5 Kg7 78. a3 Kg6 79. Rh8 bxa3+ 80. Kxa3 Kg7 1/2-1/2

[Event "Voronezh op-A 11th"]
[Site "Voronezh"]
[Date "2007.06.14"]
[Round "3"]
[White "Kruchev, Boris"]
[Black "Kiselev, Gennady Aleksandrov"]
[Result "0-1"]
[WhiteElo "2283"]
[BlackElo "2424"]
[PlyCount "64"]
[EventDate "2007.06.12"]
[EventType "swiss"]
[EventRounds "9"]
[EventCountry "RUS"]
[SourceTitle "CBM 118 Extra"]
[Source "ChessBase"]
[SourceDate "2007.07.04"]
[SourceVersion "1"]
[SourceVersionDate "2007.07.04"]
[SourceQuality "1"]

1. e4 e5 2. Nf3 Nc6 3. Bb5 a6 4. Ba4 Nf6 5. 0-0 Be7 6. Re1 b5 7. Bb3 d6 8. c3 0-0 9. d4 Bg4 10. d5 Na5 11. Bc2 c6 12. dxc6 Qc7 13. h3 Be6 14. Nbd2 Qxc6 15. Nf1 h6 16. Ng3 Rfe8 17. Nh2 Rad8 18. Nf5 Bxf5 19. exf5 e4 20. b3 d5 21. Bb2 Qc8 22. g4 Qc7 23. Qe2 Nc6 24. a4 b4 25. c4 Bd6 26. Nf1 d4 27. c5 Bxc5 28. Qxa6 Ne5 29. Bd1 Ra8 30. Qb5 Reb8 31. Qe2 Nf3+ 32. Kh1 d3 0-1

[Event "RUS-chT2"]
[Site "Sochi"]
[Date "2007.05.08"]
[Round "6"]
[White "Kiselev, Gennady Aleksandrov"]
[Black "Chetverik, Maxim"]
[Result "1-0"]
[WhiteElo "2424"]
[BlackElo "2311"]
[PlyCount "122"]
[EventDate "2007.05.03"]
[EventType "team"]
[EventRounds "9"]
[EventCountry "RUS"]
[SourceTitle "CBM 118 Extra"]
[Source "ChessBase"]
[SourceDate "2007.07.04"]
[SourceVersion "1"]
[SourceVersionDate "2007.07.04"]
[SourceQuality "1"]

1. e4 Nf6 2. e5 Nd5 3. d4 d6 4. Nf3 g6 5. c4 Nb6 6. exd6 cxd6 7. Nc3 Bg7 8. Be3 0-0 9. Rc1 Bg4 10. Be2 Nc6 11. d5 Bxf3 12. Bxf3 Ne5 13. b3 Nxf3+ 14. Qxf3 Nd7 15. 0-0 a6 16. Qe2 Re8 17. Rfd1 Rb8 18. Bd4 Bh6 19. Rb1 e5 20. dxe6 Rxe6 21. Qd3 Qh4 22. Nd5 Ne5 23. Qg3 Qxg3 24. hxg3 Bg7 25. Bb6 Bf8 26. Nc7 Rf6 27. Nd5 Re6 28. Nc7 Rf6 29. a4 g5 30. Rb2 g4 31. Re2 Rf5 32. Re4 h5 33. a5 Rc8 34. Nd5 Kh7 35. Ne3 Rg5 36. Rd5 f6 37. Kf1 Kg6 38. Ke2 Kf7 39. Red4 Be7 40. Rd1 Ke6 41. R5d2 Nd7 42. Nd5 Bf8 43. Bd4 Rf5 44. Re1 Kf7 45. Kd1 Re8 46. Rxe8 Kxe8 47. Re2+ Kf7 48. Kc2 Nb8 49. b4 Nc6 50. Bc3 Ne7 51. Ne3 Rg5 52. Rd2 Ke6 53. Re2 Kf7 54. Rd2 Ke6 55. Kb3 d5 56. c5 Bh6 57. Nc2 Nc6 58. Re2+ Kf7 59. Nd4 Re5 60. Rxe5 Nxe5 61. c6 bxc6 1-0

[Event "RUS-chT2"]
[Site "Sochi"]
[Date "2007.05.07"]
[Round "5"]
[White "Kiselev, Gennady Aleksandrov"]
[Black "Chetverik, Maxim"]
[Result "0-1"]
[WhiteElo "2424"]
[BlackElo "2311"]
[PlyCount "75"]
[EventDate "2007.05.03"]
[EventType "team"]
[EventRounds "9"]
[EventCountry "RUS"]
[SourceTitle "CBM 118 Extra"]
[Source "ChessBase"]
[SourceDate "2007.07.04"]
[SourceVersion "1"]
[SourceVersionDate "2007.07.04"]
[SourceQuality "1"]

1. e4 Nf6 2. e5 Nd5 3. d4 d6 4. c4 Nb6 5. exd6 cxd6 6. Be3 g6 7. Nc3 Bg7 8. Rc1 0-0 9. b3 N6d7 10. Nf3 Nf6 11. h3 d5 12. Be2 Nc6 13. 0-0 Bf5 14. c5 Ne4 15. Na4 h5 16. a3 e5 17. dxe5 Nxe5 18. Nd4 Qf6 19. Re1 Rad8 20. f3 Ng3 21. Bf2 Nxe2+ 22. Rxe2 Nd3 23. Nxf5 Qxf5 24. Rcc2 Nxf2 25. Kxf2 d4 26. Re4 Bh6 27. Qd3 Be3+ 28. Ke2 Qg5 29. Kd1 Qg3 30. Re2 Rc8 31. b4 b6 32. Kc2 bxc5 33. Nxc5 a5 34. Kb3 axb4 35. axb4 Qh2 36. Re7 Qg1 37. Ra2 Rxc5 38. bxc5 0-1

[Event "RUS-chT2"]
[Site "Sochi"]
[Date "2007.05.05"]
[Round "3"]
[White "Ogloblin, Nikolay"]
[Black "Kiselev, Gennady Aleksandrov"]
[Result "1/2-1/2"]
[WhiteElo "2384"]
[BlackElo "2424"]
[PlyCount "77"]
[EventDate "2007.05.03"]
[EventType "team"]
[EventRounds "9"]
[EventCountry "RUS"]
[SourceTitle "CBM 118 Extra"]
[Source "ChessBase"]
[SourceDate "2007.07.04"]
[SourceVersion "1"]
[SourceVersionDate "2007.07.04"]
[SourceQuality "1"]

1. Nf3 d5 2. g3 c6 3. Bg2 Nf6 4. 0-0 Bg4 5. c4 e6 6. Qb3 Qb6 7. Qc2 Nbd7 8. d3 Be7 9. Be3 Qc7 10. cxd5 Nxd5 11. Bd2 0-0 12. Nc3 Rfc8 13. Rac1 Qd8 14. a3 Bh5 15. Rfe1 a5 16. d4 Bg6 17. e4 b5 18. Qb3 N5b6 19. Bf4 b4 20. Na4 Nxa4 21. Qxa4 c5 22. Qb5 bxa3 23. bxa3 a4 24. d5 exd5 25. exd5 Bf5 26. h4 h6 27. d6 Bf6 28. Ne5 Ra5 29. Qc4 Bxe5 30. Bxe5 Be6 31. Qc3 Nxe5 32. Rxe5 Rb5 33. Qd2 Rb6 34. Rexc5 Rxc5 35. Rxc5 Rxd6 36. Qf4 Rd4 37. Qe5 Qd6 38. Qxd6 Rxd6 39. Be4 1/2-1/2

[Event "Vadsosjakken op"]
[Site "Vadso"]
[Date "2006.08.27"]
[Round "4"]
[White "Kiselev, Gennady Aleksandrov"]
[Black "Feoktistov, Alexey A"]
[Result "1/2-1/2"]
[WhiteElo "2427"]
[BlackElo "2421"]
[PlyCount "43"]
[EventDate "2006.08.25"]
[EventType "swiss"]
[EventRounds "5"]
[EventCountry "NOR"]
[SourceTitle "EXT 2007"]
[Source "ChessBase"]
[SourceDate "2006.11.23"]
[SourceVersion "1"]
[SourceVersionDate "2006.11.23"]
[SourceQuality "1"]

1. e4 e5 2. Nf3 Nf6 3. d4 Nxe4 4. Bd3 d5 5. Nxe5 Nd6 6. 0-0 Be7 7. c3 Nd7 8. Re1 Nf6 9. Qa4+ Bd7 10. Nxd7 Qxd7 11. Qc2 0-0 12. Nd2 h6 13. Nf3 Rfe8 14. Ne5 Qc8 15. Bf4 c5 16. dxc5 Qxc5 17. Be3 Qc7 18. Bd4 Nde4 19. Nf3 Bc5 20. Bxc5 Qxc5 21. Nd4 Nd6 22. Bf1 1/2-1/2